000 00492pam a2200169 a 4500
001 3086771
005 20250628092826.0
008 980518s1998 ilu b 001 0 eng
020 _a0830815236 (cloth : alk. paper)
050 0 0 _aBS1192.5
_b.H68 1998
082 0 0 _a230/.0411
_221
100 1 _aHouse, Paul R.,
_d1958-
245 1 0 _aOld Testament theology /
_cPaul R. House.
260 _aDowners Grove, Ill. :
_bInterVarsity Press,
_cc1998.
300 _a655 p. ;
_c24 cm.
942 _2lcc
_cBK
_n0
999 _c6747
_d6747